Fermate del TRENO: Trento-Malé (FTM) - Statistics

Statistiche generali
  • Questo quiz è stato fatto 16 volte
  • Il punteggio medio è 19 su 38
Statistiche sulle risposte
Hint Risposta % Corretto
Cles
88%
Stazione Sotterranea Lavis
88%
Stazione di cambio per la bassa Val di Non Mezzolombardo
88%
Capolinea Trento
88%
Stazione Sotterranea Zambana
88%
Taio
75%
Denno
63%
Gardolo
63%
Grumo/San Michele
63%
Lamar
63%
Vecchio Capolinea Malé
63%
Ultima Stazione Mezzana
63%
Zona Industriale
63%
Crescino
50%
Dermulo
50%
Vecchio Capolinea Marilleva
50%
cavalli Masi di Vigo
50%
Mezzocorona Borgata
50%
Mezzocorona Ferrovia
50%
Fabbrica Melinda Mollaro
50%
Nave San Felice
50%
per gli scolari... Cles Polo Scolastico
38%
Cambio per Campiglio Dimaro
38%
Mastellina
38%
Segno
38%
Tassullo
38%
via Brennero Trento Nord Zona Commerciale
38%
Bozzana
25%
Stazione sotto al castello Caldes
25%
Cassana
25%
Cavizzana
25%
Croviana
25%
Funivia in Stazione Daolasa
25%
Monclassico
25%
Mostizzolo
25%
Piano
25%
Terzolas
25%
Tozzaga
25%
Nessun quiz corrispondente trovato
Distribuzione punteggi
Percentuale di utenti per punteggio
Percentile per numero di risposta
I tuoi punteggi nel tempo
Non hai fatto questo quiz